| 000 | 00822nam a2200265 u 4500 | ||
|---|---|---|---|
| 001 | 000057088 | ||
| 005 | 20200120223431.0 | ||
| 008 | 130618s2001 ck a jr 000 j spa d | ||
| 020 | _a9586811387. | ||
| 041 | 0 | _aspa | |
| 043 | _as-ck--- | ||
| 090 |
_aJC _bGARHce |
||
| 100 | 1 |
_aGarcía Mejía, Hernando _d1940- |
|
| 245 | 1 | 0 |
_aCuentos de hoy con espantos de ayer / _cHernando García Mejía ; ilustraciones de : Pedro Cassiani. |
| 250 | _a1a. ed. | ||
| 260 |
_aBogotá : _bMigema, _c2001. |
||
| 300 |
_a94 p. : _bil.,col. |
||
| 490 | 0 | _aColección jovenletra | |
| 650 | 1 | 4 | _aCuento juvenil colombiano. |
| 650 | 2 | 4 | _aLiteratura juvenil colombiana. |
| 650 | 2 | 4 | _aTerror en la literatura. |
| 650 | 2 | 4 | _aEspantos en la literatura. |
| 650 | 2 | 4 | _aImaginación en la literatura. |
| 650 | 2 | 4 | _aCiudades en la literatura. |
| 999 |
_c6384 _d6384 |
||